000 00507nab a2200145Ia 4500
003 ES-SlBCS
005 20210601125508.0
008 140529s2005 xxu||||| |||| 00| 0 eng d
041 _aeng
100 1 _aSchmitz, Kenneth
_9154331
245 0 0 _aTranscendentalism or Transcendentals? A Critical Reflection on the Transcendental Turn
_c Kenneth Schmitz
650 0 4 _aTrascendentalismo-Trascendental
_9159312
773 0 _tReview of Methaphysics
_gvol. 58/3, nº. 231, 2005, págs. 537-560
_wRev843
942 _cAR
999 _c531253
_d531253